Tibet klagt an: Zur Lage in einem besetzten Land (Record no. 222448)
[ view plain ]
| 000 -LEADER | |
|---|---|
| fixed length control field | 00655nam a22002177a 4500 |
| 005 - DATE AND TIME OF LATEST TRANSACTION | |
| control field | 20220418113906.0 |
| 008 - FIXED-LENGTH DATA ELEMENTS--GENERAL INFORMATION | |
| fixed length control field | 220418b ||||| |||| 00| 0 eng d |
| 020 ## - INTERNATIONAL STANDARD BOOK NUMBER | |
| International Standard Book Number | 3872944266 |
| 040 ## - CATALOGING SOURCE | |
| Transcribing agency | AL |
| 041 ## - LANGUAGE CODE | |
| Language code of text/sound track or separate title | German |
| 082 ## - DEWEY DECIMAL CLASSIFICATION NUMBER | |
| Edition number | 23 |
| Classification number | 323.09515 |
| Item number | KELT |
| 100 ## - MAIN ENTRY--PERSONAL NAME | |
| Personal name | Petra Kelly and others |
| 100 ## - MAIN ENTRY--PERSONAL NAME | |
| 9 (RLIN) | 30088 |
| 245 ## - TITLE STATEMENT | |
| Title | Tibet klagt an: Zur Lage in einem besetzten Land |
| Remainder of title | Mit der Nobelpreisrede des Dalai Lama |
| 260 ## - PUBLICATION, DISTRIBUTION, ETC. | |
| Place of publication, distribution, etc. | Wuppertal |
| Name of publisher, distributor, etc. | Peter Hammer Verlag |
| Date of publication, distribution, etc. | 1990 |
| 300 ## - PHYSICAL DESCRIPTION | |
| Extent | 252 p. |
| Other physical details | PB |
| Dimensions | 19x11.5 cm. |
| 650 ## - SUBJECT ADDED ENTRY--TOPICAL TERM | |
| Topical term or geographic name entry element | Tibet |
| 9 (RLIN) | 30072 |
| 700 ## - ADDED ENTRY--PERSONAL NAME | |
| Personal name | KELLY (Petra) |
| 9 (RLIN) | 30073 |
| 700 ## - ADDED ENTRY--PERSONAL NAME | |
| Personal name | BASTIAN (Gert) |
| 9 (RLIN) | 30074 |
| 700 ## - ADDED ENTRY--PERSONAL NAME | |
| Personal name | LUDWIG (Klemens) |
| 9 (RLIN) | 30075 |
| 942 ## - ADDED ENTRY ELEMENTS (KOHA) | |
| Source of classification or shelving scheme | Dewey Decimal Classification |
| Koha item type | George Fernandes Collections |
| Withdrawn status | Lost status | Source of classification or shelving scheme | Damaged status | Not for loan | Collection code | Home library | Current library | Date acquired | Total Checkouts | Full call number | Barcode | Date last seen | Price effective from | Koha item type |
|---|---|---|---|---|---|---|---|---|---|---|---|---|---|---|
| Dewey Decimal Classification | Political Science | St Aloysius Library | St Aloysius Library | 03/24/2013 | 323.09515 KELT | GF03216 | 04/18/2022 | 04/18/2022 | George Fernandes Collections |